Catálogo

ESTUDIO CONTABLE DE SOCIEDADES (Registro nro. 5509)

Detalles MARC
000 -LEADER
fixed length control field 00483nam a2200181 a 4500
001 - CONTROL NUMBER
control field 5509
005 - DATE AND TIME OF LATEST TRANSACTION
control field 20180713185351.0
008 - FIXED-LENGTH DATA ELEMENTS--GENERAL INFORMATION
fixed length control field 140415s1986 000 0 spa d
041 ## - LANGUAGE CODE
Language code of text/sound track or separate title spa
082 ## - DEWEY DECIMAL CLASSIFICATION NUMBER
Classification number 657.92
Item number PAZ
100 1# - MAIN ENTRY--PERSONAL NAME
Personal name PAZ, GUILLERMO S.
245 10 - TITLE STATEMENT
Title ESTUDIO CONTABLE DE SOCIEDADES
250 ## - EDITION STATEMENT
Edition statement 14a ed.
260 ## - PUBLICATION, DISTRIBUTION, ETC.
Place of publication, distribution, etc. [s.l.] :
Name of publisher, distributor, etc. PATRIA,
Date of publication, distribution, etc. 1986
300 ## - PHYSICAL DESCRIPTION
Extent 333
650 14 - SUBJECT ADDED ENTRY--TOPICAL TERM
Topical term or geographic name entry element CONTABILIDAD
General subdivision SOCIEDADES ANONIMAS
700 1# - ADDED ENTRY--PERSONAL NAME
Personal name OCHOA RAVIZE, ALFONSO
Relator term pról.
Existencias
Withdrawn status Lost status Source of classification or shelving scheme Damaged status Not for loan Collection code Home library Current library Shelving location Date acquired Source of acquisition Inventory number Total Checkouts Full call number Barcode Date last seen Date last checked out Price effective from Koha item type
    Dewey Decimal Classification     General Biblioteca Karol Wojtyla Biblioteca Karol Wojtyla Sala general 03/12/2013 Compra 151000000000000000020664   657.92 PAZ 17392 05/01/2026 21/04/2015 03/12/2013 Libro
    Dewey Decimal Classification     General Biblioteca Karol Wojtyla Biblioteca Karol Wojtyla Sala general 03/12/2013 Compra 151000000000000000020662   657.92 PAZ 17391 05/01/2026 26/03/2015 03/12/2013 Libro
    Dewey Decimal Classification     General Biblioteca Karol Wojtyla Biblioteca Karol Wojtyla Sala general 03/12/2013 Compra 151000000000000000020665   657.92 PAZ 17478 05/01/2026   03/12/2013 Libro